000 00307nam a22001337a 4500
008 170418b xxu||||| |||| 00| 0 eng d
020 _a2900073522752
041 _aeng
080 _23RD
_a612.39
100 _a10
101 _aSHM
245 _aNUTRITION FOR HEALTHY LIVING
_cSCHIFF, W.J
942 _2udc
_cBK
999 _c10902
_d10902